书目信息 |
| 题名: |
教育政治学
|
|
| 作者: | 成有信 | |
| 分册: | ||
| 出版信息: | 江苏 江苏教育 1993 |
|
| 页数: | 317页 | |
| 开本: | 19cm | |
| 丛书名: | 当代教育新理论 | |
| 单 册: | ||
| 中图分类: | G40-053 | |
| 科图分类: | ||
| 主题词: | 教育学 | |
| 电子资源: | ||
| ISBN: | 7-5343-1877-7 | |
| 000 | 00567nam0 2200205 450 | |
| 001 | 0753865015 | |
| 005 | 20070818145745.01 | |
| 010 | @a7-5343-1877-7@d¥7.05 | |
| 100 | @a20070818d km y0chiy0120 ea | |
| 101 | 0 | @achi |
| 200 | 1 | @a教育政治学@Ajiao yu zheng zhi xue@f成有信等@Fcheng you xin deng |
| 210 | @a江苏@c江苏教育@d1993 | |
| 215 | @a317页@d19cm | |
| 225 | 2 | @a当代教育新理论 |
| 410 | 0 | @12001 @a当代教育新理论 |
| 606 | 0 | @a教育学 |
| 690 | @aG40-053@v3 | |
| 701 | 0 | @a成有信@Acheng you xin |
| 801 | 0 | @aCN@bPFT@c20070818 |
| 905 | @a213230@dG40-053@ee273@f1 | |
| 教育政治学/成有信等.-江苏:江苏教育,1993 |
| 317页;19cm.-(当代教育新理论) |
| ISBN 7-5343-1877-7:¥7.05 |
| ● |
| 相关链接 |
|
|
|
|
正题名:教育政治学
索取号:G40-053/e273
 
预约/预借
| 序号 | 登录号 | 条形码 | 馆藏地/架位号 | 状态 | 备注 |
| 1 | 6301918 | 263019183 | 教育系资料室/ [索取号:G40-053/e273] | 在馆 |